000 00726nam a22002057a 4500
999 _c14912
_d14912
003 AR-CdUCM
008 190425b ||||| |||| 00| 0 spa d
020 _a978-9974-8043-0-2
040 _aMUNICIPALIDAD PROVINCIAL DEL CUSCO
_cBIBLIOTECA MUNICIPAL DEL CUSCO
082 _aEP / 803 /
_bE71
100 _aErbiti, Alejandra
_933847
245 _aMitos y leyendas del mundo :
_bRĂ³mulo y Remo, La odisea, Las tumbas de Osiris, La familia imperial /
260 _aUruguay :
_bLatinbooks internacional S.A,
_c2010.
300 _a62 paginas ;
_bIlustraciones,
_c24 cm.
650 _aLiteratura infantil
_9588
650 _aCuento
_94671
700 _aAna Laura Saucedo
_933848
942 _2ddc
_cLIBROS
945 _arjall
_d2019-04-25